000 00623nam a2200289Ia 4500
005 20260401122156.0
008 008 250103s9999 xx 000 0 eng d
037 _aTB
040 _aEDL
040 _beng
040 _cEDL
041 _2eng
041 _aeng
084 _a891.42 TAL
084 _qEDL
100 _aTalib, Gurbachan Singh
_91232819
245 0 _aGuru Nanak
245 0 _cTalib, Gurbachan Singh
260 _aDelhi
260 _bSahitya Akademi
260 _c1990
300 _a84p
942 _cTB
942 _h891.42 TAL
999 _c1845422
_d1845422